| 000 | 01150nam a2200349 a 4500 | ||
|---|---|---|---|
| 005 | 20200104041531.0 | ||
| 008 | 140305s2001 ck fr|||| 000 0 spa d | ||
| 020 | _a958698057x | ||
| 040 |
_aCO-BoIAVH _cCO-BoIAVH |
||
| 041 | 0 | _aspa | |
| 044 | _ack | ||
| 082 | 0 | 4 |
_a346.046 _bQ88g |
| 100 | 1 | _aQuitiaquez Villamarín, Germán Alberto | |
| 245 | 1 | 0 | _aGuía ambiental de los países del Convenio Andrés Bello |
| 260 |
_aBogotá : _bConvenio Andrés Bello, _c2001. |
||
| 300 |
_a806 páginas ; _c29 x 22 cm. _eCD-ROM. |
||
| 650 | 6 | _aPaises del Convenio Andrés Bello | |
| 650 | 6 | _aGuías técnicas | |
| 650 | 6 | _aMedio ambiente | |
| 650 | 6 | _aLegislación ambiental internacional | |
| 650 | 6 | _aPropiedad intelectual | |
| 650 | 6 | _aDesechos sólidos | |
| 650 | 6 | _aDesarrollo sostenible | |
| 650 | 6 | _aClima | |
| 650 | 6 | _aSustancias peligrosas | |
| 650 | 6 | _aDesechos líquidos | |
| 650 | 6 | _aBiodiversidad | |
| 650 | 6 | _aBioseguridad | |
| 700 | 1 | _aCárdenas T., Gina Yormary | |
| 700 | 1 | _aBernal M., Henry Yesid | |
| 942 |
_cLIBRO _2ddc |
||
| 999 |
_c2385 _d2385 |
||